00883nam a2200253Ia 450000500170000000800270001702000150004410000330005924501200009225000170021230000260022950500450025565000400030065000280034065000220036870000330039074000460042326400260046933600270049533700330052233800280055504000350058308400110061820220317000305.0141031s9999 ck 000 0 spa d a997880823X1 aMelville, Herman,d1819-189110aBartleby, el escribiente ; Las encantadas cHerman Melville ; estudio introductorio y notas de Valeria Molina Rueda a1a edición a187 páginasc23 cm. aBartleby, el escibiente -- Las encantdas142LEMBaNovela juvenil estadounidense142LEMBaMarinerosvNovela142LEMBaMarvNovela aMolina Rueda, Valeria, intro aBartleby, el escribiente \ Las encantadas aQuito bLibresac2005 atextobtxt2rdacontent asin mediaciónbn2rdamedia avolumenbnc2rdacarrier aCO-BoRNBPbspaerdacCO-BoRNBP aN MEL1